• 首页
  • 本馆介绍
  • 公告通知
  • 最新文献
  • 馆藏检索
  • 电子资源
  • 读者导购
  • 参考咨询
  • 我的图书馆
  • 登录
  • 详细信息显示
  • 放入我的书架
  • 预约/预借图书
  • 作者相关作品
  • 分类相关作品
  • 丛书相关作品
  • 出版社相关作品

书目信息

  • 表格格式
  • 工作单格式
  • 卡片格式
题名:
可调谐激光晶体材料科学
    
 
作者: 王国富 , 龙西法 编著
分册:  
出版信息: 长春   吉林大学出版社  2020.8
页数: 209页
开本: 24cm
丛书名:
单 册:
中图分类: TN244
科图分类:
主题词: 可调激光器--晶体--材料科学
电子资源:
ISBN: 978-7-5692-6940-6
000 01130nam0 2200253 45
001 012001002102
005 20140913104812.0
010    @a978-7-5692-6940-6@dCNY58.00
100    @a20210118d2020 em y0chiy50 ea
101 0  @achi
102    @aCN@b220000
105    @aa z 000yy
106    @ar
200 1  @a可调谐激光晶体材料科学@Ake tiao xie ji guang jing ti cai liao ke xue@b专著@f王国富,龙西法编著
210    @a长春@c吉林大学出版社@d2020.8
215    @a209页@c图,照片@d24cm
300    @a国家自然科学基金项目和福建省重大科技项目资助
330    @a本书介绍可调谐激光晶体材料的理论基础、实验技术方法和原理,以及可调谐激光晶体的生长和光谱特性。全书共六章。第一章介绍可调谐激光晶体发展的历史和趋势。第二章介绍可调谐激光晶体的基本理论。第三章介绍可调谐激光晶体的晶体生长理论和技术方法、激光光谱测试实验方法和原理。第四章至第六章介绍近年来发展的各类型可调谐激光晶体材料的制备和光谱性能。
606 0  @a可调激光器@x晶体@x材料科学
690    @aTN244@v5
701  0 @a王国富@Awang guo fu@f(1949.11-)@4编著
701  0 @a龙西法@Along xi fa@f(1969.11-)@4编著
801  0 @aCN@bBJSDL@c20211011
905    @b1338445-8@dTN244@e157@f4
    
    可调谐激光晶体材料科学/王国富,龙西法编著.-长春:吉林大学出版社,2020.8
    209页:图,照片;24cm
    国家自然科学基金项目和福建省重大科技项目资助
    
    ISBN 978-7-5692-6940-6:CNY58.00
    本书介绍可调谐激光晶体材料的理论基础、实验技术方法和原理,以及可调谐激光晶体的生长和光谱特性。全书共六章。第一章介绍可调谐激光晶体发展的历史和趋势。第二章介绍可调谐激光晶体的基本理论。第三章介绍可调谐激光晶体的晶体生长理论和技术方法、激光光谱测试实验方法和原理。第四章至第六章介绍近年来发展的各类型可调谐激光晶体材料的制备和光谱性能。
●
相关链接 在E读中查询图书 在五车中查询图书 在当当中查询图书 在豆瓣中查询图书


正题名:可调谐激光晶体材料科学     索取号:TN244/157         预约/预借

序号 登录号 条形码 馆藏地/架位号 状态 备注
1 1338445   213384452   第二样本阅览室/ [索取号:TN244/157] 在馆    
2 1338446   213384461   第三借阅区/ [索取号:TN244/157] 在馆    
3 1338447   213384470   第三借阅区/ [索取号:TN244/157] 在馆    
4 1338448   213384489   第三借阅区/ [索取号:TN244/157] 在馆    
唐山师范学院图书馆 欢迎您!
大连网信软件有限公司© 版权所有